Unpack me again! : packaging meets creativity = Le packaging créatif = Packaging creativo /

Bibliographic Details
Other Authors: Wang, Shaoqiang (Editor)
Format: Book
Language:English
Language Notes:Preface in English, French and Spanish.
Published: Barcelona, Spain : Promopress, [2017]
Subjects:

MARC

Tag First Indicator Second Indicator Subfields
LEADER 00000cam a2200000Ii 4500
001 in00003870310
005 20170926120212.0
008 160922t20172017sp a 000 0 eng d
020 |a 8416504539 
020 |a 9788416504534 
035 |a (OCoLC)ocn959039314 
035 |a (OCoLC)959039314 
040 |a YDX  |b eng  |e rda  |c YDX  |d TXA  |d UtOrBLW 
041 1 |a eng  |b fre  |b spa  |h eng 
049 |a TXAM 
050 4 |a NC1002.P33  |b U572 2017 
245 0 0 |a Unpack me again! :  |b packaging meets creativity = Le packaging créatif = Packaging creativo /  |c Wang Shaoqiang (ed.). 
246 3 1 |a Packaging créatif 
246 3 1 |a Packaging creativo 
246 3 1 |a Le packaging créatif 
264 1 |a Barcelona, Spain :  |b Promopress,  |c [2017] 
264 4 |c ©2017 
300 |a 240 pages :  |b color illustrations ;  |c 29 cm 
336 |a text  |b txt  |2 rdacontent 
336 |a still image  |b sti  |2 rdacontent 
337 |a unmediated  |b n  |2 rdamedia 
338 |a volume  |b nc  |2 rdacarrier 
546 |a Preface in English, French and Spanish. 
650 0 |a Packaging  |x Design  |v Pictorial works. 
700 1 |a Wang, Shaoqiang,  |e editor.  |0 http://id.loc.gov/authorities/names/no2009158472 
945 |b 123157 
947 |a A14850163339 
994 |a C0  |b TXA 
948 |a cataloged  |b h  |c 2017/6/6  |d c  |e nbehmer  |f 1:48:24 pm 
999 f f |s 36fe95c6-f0b0-3872-9017-6dfbecd9ee99  |i ce616e92-6860-3768-80e2-5962335cc6e2  |t 0 
952 f f |p normal  |a Texas A&M University  |b College Station  |c Sterling C. Evans Library  |d Evans: Library Stacks  |t 0  |e NC1002.P33 U572 2017  |h Library of Congress classification  |i unmediated -- volume  |m A14850163339 
998 f f |a NC1002.P33 U572 2017  |t 0  |l Evans: Library Stacks